| 000 | 00635pam a2200229 a 4500 | ||
|---|---|---|---|
| 001 | 4750036 | ||
| 005 | 20180115072232.0 | ||
| 008 | 850227s1986 mnua b 001 0 eng | ||
| 010 | _a 85005332 | ||
| 020 |
_a0314912630 (pbk.) : _c$13.95 |
||
| 040 |
_aDLC _cDLC _dDLC |
||
| 041 | _aeng | ||
| 043 | _an-us--- | ||
| 080 | _a340..072073 WIL | ||
| 082 | 0 | 0 |
_a340..072073 WIL _219 |
| 100 | 1 | _a46 | |
| 101 | _aEDU | ||
| 245 | 1 | 0 |
_aLegal research and writing : _cWilliam P. Statsky. |
| 504 | _aIncludes bibliographies and index. | ||
| 906 |
_a7 _bcbc _corignew _d1 _eocip _f19 _gy-gencatlg |
||
| 942 |
_2ddc _cBK |
||
| 999 |
_c40276 _d40276 |
||